02341nam a2200337 a 4500001001200000003000800012006001900020007001500039008004100054010001700095020004200112020002700154040002100181035002100202050002400223082001400247245008500261250001200346260004200358300002400400504005100424505111900475533015201594650001801746650002901764655002901793700002101822710001701843856012601860999001701986ebr10700412CaPaEBRm o u cr cn|||||||||130124s2013 iaua sb 001 0 eng d z 2013002832 z9780470963043 (hardback : alk. paper) z9781118635643 (e-book) aCaPaEBRcCaPaEBR a(OCoLC)84388179514aSB288b.B565 2013eb04a631.522300aBiofuel crop sustainabilityh[electronic resource] /cedited by Bharat P. Singh. a1st ed. aAmes, Iowa :bWiley-Blackwell,c2013. axii, 459 p. :bill. aIncludes bibliographical references and index.0 aBiofuel crop sustainability paradigm / Bharat P. Singh -- Sustainable production of grain crops for biofuels / Abdullah A. Jaradat -- Sugarcane as an energy crop: its role in biomass economy / Rianto van Antwerpe ... [et al.] -- Sustainable cellulosic grass crops production / John H. Fike, David J. Parrish and Wonae B. Fike -- Sustainable oil crops production / C. Eynck ... [et al.] -- Short-rotation woody crop biomass production for bioenergy / Chris L. Kiser and Thomas R. Fox -- Biomass feedstock production impact on water resource availability / K.C. Stone ... [et al.] -- Biofuel crops and soil quality and erosion / Dmitri Chatskikh ... [et al.] -- Nutrient management in biofuel crop production / Rocky Lemus -- Food, farming, and land use for biofuels / J�ozsef Popp -- Biofuel crops and ecosystem services and biodiversity / Andrew Fieldsend and Hari P. Singh -- Biofuel crops and greenhouse gases / A. Hastings ... [et al.] -- Economics of biomass feedstocks and biofuels / Thein A. Maung ... [et al.] -- Geospatial modeling applications for biofuel sustainability assessment / Sudhanshu S. Panda. aElectronic reproduction.bPalo Alto, Calif. :cebrary,d2013.nAvailable via World Wide Web.nAccess may be limited to ebrary affiliated libraries. 0aEnergy crops. 0aSustainable agriculture. 7aElectronic books.2local1 aSingh, Bharat P.2 aebrary, Inc.40uhttp://site.ebrary.com/lib/rucke/Doc?id=10700412zAn electronic book accessible through the World Wide Web; click to view c21930d21930